Inculturación del indio

Guardat en:
Dades bibliogràfiques
Autors principals: Pereña Vicente, Luciano (Autor), Cortés, Justino (Autor), Durán, J. Guillermo (Autor), Resines, Luis (Autor), Baciero González, Carlos (Autor), Tormo, Leandro (Autor)
Format: Llibre
Idioma:espanyol
Publicat: Salamanca Universidad Pontificia de Salamanca 1988
Edició:1a. ed
Col·lecció:Cátedra V Centenario
Matèries:
Etiquetes: Afegir etiqueta
Sense etiquetes, Sigues el primer a etiquetar aquest registre!

MARC

LEADER 00000cam a2200000 a 4500
001 UCM3190
003 CL-VaPUC
008 020628e19880000SP |||||||||||||||||spa|d
020 |a 847299211X 
082 0 4 |a 266.0098  |b PER  |2 21 
100 0 |a Pereña Vicente, Luciano  |e author  |9 469985 
700 0 |a Cortés, Justino  |e author  |9 469986 
700 0 |a Durán, J. Guillermo  |e author  |9 469987 
700 0 |a Resines, Luis  |e author  |9 469988 
700 0 |a Baciero González, Carlos  |e author  |9 469989 
700 0 |a Tormo, Leandro  |e author  |9 469990 
245 1 0 |a Inculturación del indio 
250 |a 1a. ed 
300 |a 310 p 
942 |c BK 
945 |d 20020628 00:00:00  |a cmena 
260 |a Salamanca  |b Universidad Pontificia de Salamanca  |c 1988 
650 7 |a EVANGELIZACION  |2 CL-VaPUC  |9 469991 
650 0 |a Historia de América  |9 266076 
650 0 |a Cristianismo  |9 257361 
650 0 |a Costumbres y tradiciones   |9 268292 
650 7 |a INDIOS AMERICANOS  |2 CL-VaPUC  |9 469992 
583 |a last modification  |c 20190722 10:26:28  |k Rodrigo Vera 
490 0 |a Cátedra V Centenario 
999 |c 300678  |d 300676 
952 |0 0  |1 0  |4 0  |6 266_009800000000000_PER_1988  |7 0  |8 DER_HDC  |9 358855  |a BIBDER  |b BIBDER  |d 2019-11-21  |i 3822672  |o 266.0098 PER 1988  |p 3822672  |r 2023-01-25  |w 2019-11-21  |x Ubicación 4to Piso  |y BK  |z Estos recursos deben solicitarse con anticipación  |k DER 
952 |0 0  |1 0  |3 erb  |4 0  |6 266_009800000000000_PER_1988  |7 0  |8 A  |9 358856  |a FDOHBE  |b FDOHBE  |e Huesbe Llanos, Marco Antonio, 1934-  |i 5333016  |o 266.0098 PER 1988  |p 5333016  |r 2024-01-30  |w 2019-11-21  |y BK  |z Catalogado en:20160603  |k HBE